000 00249nam a22001097a 4500
100 _aAmarchitra katha
245 _aAdventures in reading: I am special
250 _a2004
260 _bAmar chitre kaths pvt. Ltd.
300 _a30
942 _2ddc
_cBK
999 _c12834
_d12834